00480nam a2200157 a 450000100100000000500170001000800410002702000150006804000250008310000210010824500910012926000390022030000230025949000200028283000200030200003695320200930080037.0120207s1978 xxu 000 0 spa d a0394726499 aDO-SdBNPbspacBNPHU1 aDomhoff, William10aThe powers that be processes of ruling-class domination in America /cWilliam Domhoff. aNew York :bVintage Books ,c1978. a206 p. : ;c20 cm.1 aSocial sciences 0aSocial sciences